LEADER 02960nam 22007094a 450 001 9911019729003321 005 20230617010715.0 010 $a9786611310301 010 $a9781281310309 010 $a1281310301 010 $a9780470701157 010 $a0470701153 010 $a9780470773352 010 $a0470773359 010 $a9780470775158 010 $a0470775157 035 $a(CKB)1000000000398862 035 $a(EBL)350921 035 $a(SSID)ssj0000101150 035 $a(PQKBManifestationID)11111675 035 $a(PQKBTitleCode)TC0000101150 035 $a(PQKBWorkID)10042011 035 $a(PQKB)10332359 035 $a(MiAaPQ)EBC350921 035 $a(OCoLC)214281333 035 $a(Perlego)2750469 035 $a(EXLCZ)991000000000398862 100 $a20030702d2004 uy 0 101 0 $aeng 135 $aur|n|---||||| 181 $ctxt 182 $cc 183 $acr 200 10$aAlien sex $ethe body and desire in cinema and theology /$fGerard Loughlin 210 $aMalden, MA $cBlackwell Pub.$d2004 215 $a1 online resource (338 p.) 225 1 $aChallenges in contemporary theology 300 $aDescription based upon print version of record. 311 08$a9780631211808 311 08$a0631211802 311 08$a9780631211792 311 08$a0631211799 320 $aIncludes bibliographical references and index. 327 $aCONTENTS; List of Figures; In the Lobby; Part I Introduction; 1 Desiring Bodies; Part II Cavities; 2 Seeing in the Dark; 3 Visionary Screens; Part III Copulations; 4 Alien Sex; 5 God's Sex; 6 Sex Slaves; 7 Want of Family; Part IV Consolations; 8 The Man Who Fell to Earth; 9 The Garden; Index 330 $aGerard Loughlin is one of the leading theologians working at the interface between religion and contemporary culture. In this exceptional work, he uses cinema and the films it shows to think about the church and the visions of desire it displays. Discusses various films, including the Alien quartet, Christopher Nolan's Memento, Stanley Kubrick's 2001: A Space Odyssey and A Clockwork Orange, Nicolas Roeg's The Man Who Fell to Earth and Derek Jarman's The Garden. Draws on a wide range of authors, both ancient and modern, religious and secular, from Plato to Levinas, from 410 0$aChallenges in contemporary theology. 606 $aHuman body$xReligious aspects$xChristianity 606 $aSex$xReligious aspects$xChristianity 606 $aMotion pictures$xReligious aspects$xChristianity 615 0$aHuman body$xReligious aspects$xChristianity. 615 0$aSex$xReligious aspects$xChristianity. 615 0$aMotion pictures$xReligious aspects$xChristianity. 676 $a233.5 676 $a233/.5 700 $aLoughlin$b Gerard$0941280 801 0$bMiAaPQ 801 1$bMiAaPQ 801 2$bMiAaPQ 906 $aBOOK 912 $a9911019729003321 996 $aAlien sex$92123132 997 $aUNINA